00987nam a2200241 a 4500001000500000005001700005008004100022020001800063050002300081100001600104245006900120250001100189260004000200300002500240440001400265500002000279520014000299650006600439650005600505650005300561999001900614952011200633184520140414131855.0010423s19uu xx 00 eng d a0-89686-707-2 aM 910.92bN74 1993 aNoonan, Jon aLewis and Clark /cby Jon Noonan ; illustrated by Yoshie Miyake. a1st Ed aNew York :bCrestwood House,c1993. a48 p. : ill. ; cm. aExplorers aIncludes index. aExamines the achivements of the two men who will led the great exploring expedition through territory gained by the Louisiana Purchase. aLewis and Clark Expidition (1804-1806) - Juvenile literature. aLewis, Merriwether , 1774-1908-Juvenile literature. aClark, William, 1770-1838 - Juvenile literature. c110402d110402 001040aMUbMUcMd2004-12-22eLib. Fundl0oM 910.92 N74 1993pM0796r2014-04-14 00:00:00w2014-04-14yBK